[Event "Villa Guardia D Oro Cup 30th"]
[Site "Villa Guardia"]
[Date "2012.11.01"]
[Round "2"]
[White "Squillante, Michele"]
[Black "Ghelfi, Giancarlo"]
[Result "1-0"]
[WhiteElo "1733"]
[BlackElo "1657"]
[PlyCount "39"]
[EventDate "2012.11.01"]
[EventType "swiss"]
[EventRounds "6"]
[EventCountry "ITA"]
[SourceTitle "EXT 2014"]
[Source "ChessBase"]
[SourceDate "2013.11.20"]
[SourceVersion "1"]
[SourceVersionDate "2013.11.20"]
[SourceQuality "1"]

1. d4 Nf6 2. Nf3 g6 3. Bg5 Bg7 4. Nbd2 0-0 5. e3 d6 6. Be2 Nbd7 7. 0-0 h6 8. Bh4 g5 9. Bg3 Nh5 10. c3 Nxg3 11. hxg3 Nf6 12. Nh2 e5 13. Ng4 exd4 14. Nxf6+ Qxf6 15. exd4 d5 16. Qb3 c6 17. Rae1 a6 18. Nf3 b5 19. Ne5 Re8 20. Bh5 1-0

[Event "Como Province-ch"]
[Site "Como"]
[Date "2009.01.24"]
[Round "1"]
[White "Ghelfi, Giancarlo"]
[Black "Zingale, Giuseppe"]
[Result "1-0"]
[WhiteElo "1717"]
[BlackElo "1398"]
[PlyCount "85"]
[EventDate "2009.01.24"]
[EventType "swiss"]
[EventRounds "6"]
[EventCountry "ITA"]
[SourceTitle "EXT 2011"]
[Source "ChessBase"]
[SourceDate "2010.11.26"]
[SourceVersion "1"]
[SourceVersionDate "2010.11.26"]
[SourceQuality "1"]

1. e4 e5 2. Nf3 Nc6 3. Bb5 Nge7 4. 0-0 a6 5. Bc4 d5 6. exd5 Nxd5 7. Re1 Bg4 8. c3 Be7 9. d4 exd4 10. cxd4 0-0 11. Nc3 Nxc3 12. bxc3 Bd6 13. h3 Bh5 14. Qd3 Qf6 15. Bg5 Qg6 16. g4 Qxd3 17. Bxd3 Bg6 18. Bc4 Na5 19. Bf1 f5 20. Nh4 fxg4 21. Nxg6 hxg6 22. hxg4 Bf4 23. Be7 Rae8 24. Bxf8 Rxf8 25. Re4 Bd6 26. Rae1 Kh7 27. Bg2 Kh6 28. R1e3 g5 29. Rh3+ Kg6 30. Re6+ Kf7 31. Bd5 Be7 32. Rxa6+ Ke8 33. Rxa5 Kd7 34. Bxb7 c5 35. dxc5 Bf6 36. c6+ Kc7 37. Rd3 Rf7 38. Ra7 Rf8 39. a4 Re8 40. a5 Re1+ 41. Kg2 Rc1 42. Rd7+ Kb8 43. Ra8# 1-0

[Event "Villa Guardia Coppa d'Oro 23th"]
[Site "Villa Guardia"]
[Date "2005.11.11"]
[Round "6"]
[White "Schingaro, Angelo"]
[Black "Ghelfi, Giancarlo"]
[Result "1-0"]
[WhiteElo "1760"]
[BlackElo "1664"]
[PlyCount "111"]
[EventDate "2005.10.07"]
[EventType "swiss"]
[EventRounds "8"]
[EventCountry "ITA"]
[SourceTitle "EXT 2024"]
[Source "ChessBase"]
[SourceDate "2023.10.10"]
[SourceVersion "1"]
[SourceVersionDate "2023.10.10"]
[SourceQuality "1"]

1. e4 c5 2. Nf3 d6 3. c3 Nc6 4. d4 cxd4 5. cxd4 e6 6. Nc3 d5 7. e5 Bb4 8. a3 Ba5 9. Bd3 Nge7 10. 0-0 Bb6 11. Be3 a5 12. Nb5 Bc7 13. Nxc7+ Qxc7 14. Rc1 Qb6 15. Qc2 Bd7 16. Rfd1 Rc8 17. Qb1 Nf5 18. Rc5 Nfxd4 19. Bxd4 Nxd4 20. Rxc8+ Bxc8 21. Nxd4 Bd7 22. Nf3 Ke7 23. Rc1 Bc6 24. Qc2 Kd7 25. Ng5 Qd4 26. Qc3 Qg4 27. Nf3 d4 28. Qxd4+ Qxd4 29. Nxd4 Bd5 30. Nb5 Bc6 31. Nd4 Rc8 32. Bb5 h6 33. Nxc6 bxc6 34. Ba4 f6 35. exf6 gxf6 36. g3 Kd6 37. Rc4 c5 38. Bb5 e5 39. b4 axb4 40. axb4 Kd5 41. Rxc5+ Rxc5 42. bxc5 Kxc5 43. Bd3 Kd4 44. Bf5 e4 45. Kg2 Ke5 46. Bg4 f5 47. Be2 Kf6 48. h3 Kg6 49. Bd1 Kf6 50. Kf1 Ke5 51. Ke2 Kd4 52. Kd2 Ke5 53. Ke3 Kf6 54. Kf4 Kg6 55. Ba4 Kf6 56. Bd7 1-0

[Event "Villa Guardia Coppa d'Oro 23th"]
[Site "Villa Guardia"]
[Date "2005.10.28"]
[Round "4"]
[White "Zuccoli, Maurizio"]
[Black "Ghelfi, Giancarlo"]
[Result "1-0"]
[WhiteElo "1688"]
[BlackElo "1664"]
[PlyCount "51"]
[EventDate "2005.10.07"]
[EventType "swiss"]
[EventRounds "8"]
[EventCountry "ITA"]
[SourceTitle "EXT 2024"]
[Source "ChessBase"]
[SourceDate "2023.10.10"]
[SourceVersion "1"]
[SourceVersionDate "2023.10.10"]
[SourceQuality "1"]

1. e4 e5 2. Nf3 Nc6 3. Bc4 Bc5 4. Nc3 Nf6 5. d3 d6 6. Bg5 h6 7. Bxf6 Qxf6 8. Nd5 Qd8 9. a3 a6 10. b4 Ba7 11. h3 Be6 12. c3 b5 13. Bb3 Ne7 14. Ne3 Bxe3 15. fxe3 Bxb3 16. Qxb3 0-0 17. 0-0 Ng6 18. Rf2 Qd7 19. Raf1 Qe6 20. Qd1 Rae8 21. Nh2 Re7 22. Qh5 Nh8 23. Rf6 gxf6 24. Rf5 Rc8 25. Qxh6 Ng6 26. Ng4 1-0